01842nam a22002417a 4500003000400000005001700004008004100021020001800062040001400080082001300094100003600107245002300143250002300166264005800189300004000247490008300287521107900370521003801449650002501487650002901512650002801541700003101569OSt20240417155354.0240417b ||||| |||| 00| 0 spa d a9786287507852 cCO-Mq BPB aANbGUR4 aGurnah, Abdulrazakd1948eAutor aLa vida, después aEdición especial aBogotá:bPenguin Random House Grupo Editorialc2023 a350 páginas bTapa rusticac22 cm aPlan Nacional de Lectura y Escritura Leer es mi Cuento / Ministerio de Cultura aEn esta su novela más reciente, el Premio Nobel de Literatura 2021 vuelve a los escenarios de la aclamada Paraíso con la conmovedora historia de tres jóvenes cuyas vidas se entrelazan en el contexto de la convulsa y brutal colonización de África Oriental a principios del siglo XX. Uno de ellos es Ilyas, reclutado a la fuerza por las tropas coloniales alemanas cuando todavía era un niño, que al regresar a la aldea de su infancia tras años de ausencia y de guerrear contra su propio pueblo se encuentra con que sus padres han desaparecido y su hermana ha sido, presuntamente, dada en adopción. El segundo es Hamza, que tras ser vendido a un comerciante fue rescatado por un oficial alemán que le dio amparo y lo crió con disciplina germana, inculcándole, a veces con excesivo rigor, una cultura y unos valores que han modelado su forma de ser. Ahora, sin apenas equipaje y con una ostensible cojera, Hamza se limita a buscar trabajo y seguridad, mientras sueña con ganarse el amor de Afiya, hermana de Ilyas y nexo vital entre los dos muchachos.  aRecomendado para público adulto aNovela africanayXXI aLiteratura africanayXXI aÁfrica-Colonización aCosta, Rita daetraductora